=LDR 00000nam 2200000 4500 =001 INLIS000000000031435 =005 20130612133516 =008 ***********************************Ind** =035 ##$$a0010-061300000031435 =041 ##$$a Ind =082 ##$$a 005.133 =090 ##$$a 005.133, Sua a =100 ##$$a Suarga =245 ##$$a Algoritma pemrograman, Suarga =260 ##$$a 2004 $b Yogyakarta =300 ##$$a 155 hlm, 22 cm =650 ##$$a Algoritma =850 ##$$a NBPNMAT =990 ##$$a 92345/BPAP-NTB/2014 =990 ##$$a 93803/BPAP-NTB/2014